The mystery of the princess doll / (Record no. 7762)

MARC details
000 -LEADER
fixed length control field 01169nam a22003137a 4500
001 - CONTROL NUMBER
control field 7762
003 - CONTROL NUMBER IDENTIFIER
control field FISKH
005 - DATE AND TIME OF LATEST TRANSACTION
control field 20250805095812.0
008 - FIXED-LENGTH DATA ELEMENTS--GENERAL INFORMATION
fixed length control field 250805b cb ||||| |||| 00| 0 eng d
020 ## - INTERNATIONAL STANDARD BOOK NUMBER
International Standard Book Number 1555139132
040 ## - CATALOGING SOURCE
Original cataloging agency DLC
Transcribing agency DLC
Modifying agency DLC
Language of cataloging eng
050 ## - LIBRARY OF CONGRESS CALL NUMBER
Classification number PZ7.M95316 M
082 ## - DEWEY DECIMAL CLASSIFICATION NUMBER
Classification number 268.86
100 1# - MAIN ENTRY--PERSONAL NAME
Personal name Murphy, Elspeth Campbell
Dates associated with a name (1947-)
245 14 - TITLE STATEMENT
Title The mystery of the princess doll /
Statement of responsibility, etc. Elspeth Campbell Murphy ; illustrated by Chris Wold Dyrud
250 ## - EDITION STATEMENT
Edition statement This edition first published in 1990
260 ## - PUBLICATION, DISTRIBUTION, ETC.
Place of publication, distribution, etc. Elgin :
Name of publisher, distributor, etc. Chariot Books,
Date of publication, distribution, etc. 1990.
300 ## - PHYSICAL DESCRIPTION
Extent 46 pages :
Other physical details illustrations ;
Dimensions 20 cm.
490 1# - SERIES STATEMENT
Series statement Beatitudes mysteries
505 ## - FORMATTED CONTENTS NOTE
Formatted contents note J<br/>
520 ## - SUMMARY, ETC.
Summary, etc. Their investigation of the disappearance of an old doll from an antique show helps cousin detectives appreciate the meaning of the beatitude, "Blessed are those who are persecuted because of righteousness, for theirs is the Kingdom of Heaven."<br/>
521 8# - TARGET AUDIENCE NOTE
Target audience note 500<br/>
Source Lexile<br/>
521 8# - TARGET AUDIENCE NOTE
Target audience note J<br/>
Source Raz-Plus<br/>
650 #1 - SUBJECT ADDED ENTRY--TOPICAL TERM
Topical term or geographic name entry element Cousins
General subdivision Fiction.
650 #1 - SUBJECT ADDED ENTRY--TOPICAL TERM
Topical term or geographic name entry element Mystery and detective stories.
Source of heading or term Beautiful
700 1# - ADDED ENTRY--PERSONAL NAME
Personal name Dyrud, Chris Wold
Relator term illustrator
942 ## - ADDED ENTRY ELEMENTS (KOHA)
Source of classification or shelving scheme Dewey Decimal Classification
Koha item type Books
Suppress in OPAC No
Holdings
Withdrawn status Lost status Source of classification or shelving scheme Damaged status Not for loan Collection Home library Current library Shelving location Date acquired Total Checkouts Full call number Barcode Date last seen Copy number Price effective from Koha item type
    Dewey Decimal Classification     Juvenile Fiction Footprints International School Library Network Toul Tom Poung Campus Footprints International School Library Network Toul Tom Poung Campus TTP Primary Dark Blue Bookshelves 08/05/2025   MUR 268.86 PZ7.M95316 M FIS00229 08/05/2025 1 08/05/2025 Books